000 00569nam a2200205 a 4500
001 000003304
003 DO-SdBNP
005 20180323142153.0
007 000003304
008 090707s2009 dr af 000 0 spa d
020 _a9789945001723
040 _aBPMET
_bspa
_cBPMET
100 1 _aPhipps, Miguel
245 1 3 _aEl entierro del ciempiƩs /
_cMiguel Phipps.
260 _aSanto Domingo :
_bCorripio,
_c2009.
300 _a20 p. :
_bil. ;
_c29 cm.
942 _2ddc
_cBK
945 _aRemanejado para la BNPHU / 2018 VM
956 _aVMATEO
_b10
_c20140627
_lBPMSU
_h0069
999 _c7324
_d7324